[Event "2016 Redpath Mining Millionaire Chess Open"]
[Site "Venue: Old Ed’s Sports Complex, Houghton, Johannesburg"]
[Date "2016.07.14"]
[Round "3"]
[Board "15"]
[White "Thabethe, Nhlanhla"]
[Black "Goldberg, Shmuel"]
[Result "1/2-1/2"]
[WhiteElo "1802"]
[BlackElo "1597"]
[PlyCount "0"]
[EventDate "2016.07.13"]
[EventRounds "9"]
[EventCountry "RSA"]

1. d4 {[%clk 1:29:32]} Nf6 {[%clk 1:30:40]} 2. c4 {[%clk 1:29:55]} g6
{[%clk 1:31:06]} 3. Nc3 {[%clk 1:29:39]} Bg7 {[%clk 1:31:33]} 4. e4
{[%clk 1:29:52]} d6 {[%clk 1:32:01]} 5. Nf3 {[%clk 1:29:55]} O-O {[%clk 1:32:22]}
6. Be2 {[%clk 1:29:45]} e5 {[%clk 1:32:22]} 7. dxe5 {[%clk 1:25:03]} dxe5
{[%clk 1:32:17]} 8. Qxd8 {[%clk 1:25:14]} Rxd8 {[%clk 1:32:36]} 9. Bg5
{[%clk 1:25:29]} Re8 {[%clk 1:32:59]} 10. Rd1 {[%clk 1:14:17]} c6
{[%clk 1:22:29]} 11. Nxe5 {[%clk 1:13:25]} Na6 {[%clk 1:21:28]} 12. Nf3
{[%clk 1:00:05]} Nc5 {[%clk 1:11:05]} 13. Nd2 h6 14. Bxf6 Bxf6 15. f3 1/2-1/2

[Event "2016 Redpath Mining Millionaire Chess Open"]
[Site "Venue: Old Ed’s Sports Complex, Houghton, Johannesburg"]
[Date "2016.07.14"]
[Round "3"]
[Board "16"]
[White "Molebatsi, Teboho"]
[Black "Oberholzer, Imarie"]
[Result "1/2-1/2"]
[WhiteElo "1734"]
[BlackElo "1504"]
[PlyCount "0"]
[EventDate "2016.07.13"]
[EventRounds "9"]
[EventCountry "RSA"]

1. e4 {[%clk 1:30:58]} c5 {[%clk 1:30:51]} 2. Nc3 {[%clk 1:31:20]} d6
{[%clk 1:30:53]} 3. f4 {[%clk 1:31:43]} g6 {[%clk 1:30:16]} 4. Nf3
{[%clk 1:32:03]} Bg7 {[%clk 1:30:23]} 5. Bb5+ {[%clk 1:32:23]} Bd7
{[%clk 1:30:31]} 6. Bc4 {[%clk 1:32:46]} Nc6 {[%clk 1:29:13]} 7. O-O
{[%clk 1:33:00]} Nf6 {[%clk 1:28:05]} 8. d3 {[%clk 1:33:10]} O-O {[%clk 1:27:19]}
9. a3 {[%clk 1:31:43]} a6 {[%clk 1:23:11]} 10. Qe1 {[%clk 1:31:59]} e6
{[%clk 1:22:06]} 11. Qh4 {[%clk 1:30:22]} Nh5 {[%clk 1:20:27]} 12. Qf2
{[%clk 1:26:44]} Nd4 {[%clk 1:16:30]} 13. Kh1 {[%clk 1:26:57]} b5
{[%clk 1:14:34]} 14. Ba2 {[%clk 1:27:14]} Nxf3 {[%clk 1:10:18]} 15. Qxf3
{[%clk 1:27:31]} b4 {[%clk 1:10:27]} 16. axb4 {[%clk 1:27:47]} cxb4
{[%clk 1:10:47]} 17. Nd1 {[%clk 1:27:28]} Qc7 {[%clk 1:08:57]} 18. Ne3
{[%clk 1:24:26]} Nf6 {[%clk 0:57:17]} 19. Bd2 {[%clk 1:22:21]} Qc5
{[%clk 0:55:00]} 20. c3 {[%clk 1:21:07]} a5 {[%clk 0:52:40]} 21. Rac1
{[%clk 1:20:31]} bxc3 {[%clk 0:42:54]} 22. Bxc3 {[%clk 1:18:40]} Qb6
{[%clk 0:41:12]} 23. f5 {[%clk 1:17:57]} exf5 {[%clk 0:40:41]} 24. exf5
{[%clk 1:18:19]} Rae8 {[%clk 0:37:05]} 25. Rce1 {[%clk 1:15:55]} Bc6
{[%clk 0:31:38]} 26. Qh3 {[%clk 1:15:27]} d5 {[%clk 0:30:31]} 27. fxg6
{[%clk 1:05:54]} fxg6 {[%clk 0:30:17]} 28. Ng4 {[%clk 0:47:19]} Rxe1
{[%clk 0:28:04]} 29. Nxf6+ {[%clk 0:46:34]} Bxf6 {[%clk 0:27:48]} 30. Rxe1
{[%clk 0:46:40]} Bxc3 {[%clk 0:26:52]} 31. bxc3 {[%clk 0:43:55]} Bb7
{[%clk 0:23:47]} 32. d4 {[%clk 0:38:25]} Qf6 {[%clk 0:22:21]} 33. Qe3
{[%clk 0:35:40]} Qf2 {[%clk 0:19:15]} 34. Qxf2 {[%clk 0:31:08]} Rxf2
{[%clk 0:19:36]} 35. Bb1 {[%clk 0:31:31]} Kf7 {[%clk 0:18:43]} 36. h3
{[%clk 0:31:52]} Rf6 {[%clk 0:18:40]} 37. Bc2 {[%clk 0:31:55]} Ra6
{[%clk 0:18:32]} 38. Ba4 {[%clk 0:30:55]} Bc6 {[%clk 0:18:38]} 39. Ra1
{[%clk 0:29:02]} Bxa4 {[%clk 0:18:54]} 40. Rxa4 {[%clk 0:29:21]} Ke6
{[%clk 0:19:12]} 41. g4 {[%clk 0:29:33]} g5 {[%clk 0:18:58]} 42. Kg2
{[%clk 0:29:54]} Kd6 {[%clk 0:18:57]} 43. Kf3 {[%clk 0:29:26]} Kc6
{[%clk 0:18:58]} 44. c4 {[%clk 0:29:11]} dxc4 {[%clk 0:18:36]} 45. Rxc4+
{[%clk 0:29:03]} Kd5 {[%clk 0:18:37]} 46. Ra4 {[%clk 0:29:08]} h6
{[%clk 0:18:31]} 47. Ke3 {[%clk 0:29:12]} Re6+ {[%clk 0:18:37]} 48. Kd3
{[%clk 0:29:01]} Ra6 {[%clk 0:18:56]} 49. Rc4 {[%clk 0:28:52]} Rc6
{[%clk 0:17:47]} 50. Ra4 {[%clk 0:27:28]} Ra6 {[%clk 0:18:09]} 51. Ra1
{[%clk 0:27:30]} a4 {[%clk 0:18:15]} 52. Ra3 {[%clk 0:26:50]} Ra7
{[%clk 0:17:06]} 53. Rc3 {[%clk 0:25:41]} a3 {[%clk 0:16:39]} 54. Rc5+
{[%clk 0:25:37]} Kd6 {[%clk 0:16:52]} 55. Rc1 {[%clk 0:25:15]} a2
{[%clk 0:16:56]} 56. Ra1 {[%clk 0:25:44]} Kd5 {[%clk 0:17:08]} 57. Kc3
{[%clk 0:25:09]} Ra3+ {[%clk 0:16:55]} 58. Kb4 {[%clk 0:23:49]} Rxh3
{[%clk 0:17:04]} 59. Rxa2 {[%clk 0:23:59]} Kxd4 {[%clk 0:17:20]} 60. Ra6
{[%clk 0:23:23]} Ke4 {[%clk 0:17:09]} 61. Rf6 {[%clk 0:23:43]} Rh4
{[%clk 0:16:59]} 62. Kc3 {[%clk 0:23:52]} Ke5 {[%clk 0:17:09]} 63. Rf5+
{[%clk 0:24:15]} Ke6 {[%clk 0:17:17]} 64. Ra5 {[%clk 0:23:50]} Rxg4
{[%clk 0:17:10]} 65. Ra6+ {[%clk 0:24:11]} Kf5 {[%clk 0:17:15]} 66. Rxh6
{[%clk 0:24:30]} Rh4 {[%clk 0:17:09]} 67. Ra6 {[%clk 0:24:41]} Rh7
{[%clk 0:17:00]} 68. Kd3 {[%clk 0:24:39]} Rg7 {[%clk 0:16:46]} 69. Ke3
{[%clk 0:24:52]} g4 {[%clk 0:16:07]} 70. Kf2 1/2-1/2

[Event "2016 Redpath Mining Millionaire Chess Open"]
[Site "Venue: Old Ed’s Sports Complex, Houghton, Johannesburg"]
[Date "2016.07.14"]
[Round "3"]
[Board "17"]
[White "Jurgens, John C."]
[Black "Dykema, Joshua"]
[Result "1-0"]
[WhiteElo "1714"]
[BlackElo "1472"]
[PlyCount "0"]
[EventDate "2016.07.13"]
[EventRounds "9"]
[EventCountry "RSA"]

1. c4 {[%clk 1:30:50]} Nf6 {[%clk 1:30:19]} 2. Nc3 {[%clk 1:31:07]} g6
{[%clk 1:30:27]} 3. g3 {[%clk 1:31:28]} Bg7 {[%clk 1:30:16]} 4. Bg2
{[%clk 1:31:43]} O-O {[%clk 1:29:58]} 5. e4 {[%clk 1:31:56]} d6 {[%clk 1:29:33]}
6. Nge2 {[%clk 1:32:05]} e5 {[%clk 1:29:40]} 7. O-O {[%clk 1:32:23]} Be6
{[%clk 1:28:42]} 8. d3 {[%clk 1:32:24]} c5 {[%clk 1:28:36]} 9. h3
{[%clk 1:31:39]} Nfd7 {[%clk 1:28:17]} 10. f4 {[%clk 1:30:40]} Nc6
{[%clk 1:27:19]} 11. f5 {[%clk 1:30:04]} Nd4 {[%clk 1:27:13]} 12. fxe6
{[%clk 1:29:11]} fxe6 {[%clk 1:27:39]} 13. Rxf8+ {[%clk 1:28:54]} Qxf8
{[%clk 1:27:55]} 14. Nxd4 {[%clk 1:28:16]} exd4 {[%clk 1:28:01]} 15. Ne2
{[%clk 1:28:08]} e5 {[%clk 1:28:13]} 16. Bd2 {[%clk 1:26:15]} Qe7
{[%clk 1:27:59]} 17. Qc2 {[%clk 1:22:22]} b6 {[%clk 1:26:58]} 18. Rf1
{[%clk 1:22:11]} a5 {[%clk 1:26:13]} 19. Qc1 {[%clk 1:21:24]} Re8
{[%clk 1:21:39]} 20. Bg5 {[%clk 1:20:02]} Nf6 {[%clk 1:21:46]} 21. Rf2
{[%clk 1:17:07]} Rf8 {[%clk 1:22:05]} 22. Qf1 {[%clk 1:16:02]} h6
{[%clk 1:22:23]} 23. Bxf6 {[%clk 1:16:24]} Rxf6 {[%clk 1:22:46]} 24. Rxf6
{[%clk 1:16:45]} Qxf6 {[%clk 1:23:12]} 25. Qxf6 {[%clk 1:17:06]} Bxf6
{[%clk 1:23:31]} 26. Bf3 {[%clk 1:15:00]} g5 {[%clk 1:21:58]} 27. Kg2
{[%clk 1:11:59]} Kg7 {[%clk 1:21:42]} 28. Bh5 {[%clk 1:12:18]} Be7
{[%clk 1:21:19]} 29. Kf3 {[%clk 1:11:50]} Kf6 {[%clk 1:19:53]} 30. Kg4
{[%clk 1:12:05]} Bf8 {[%clk 1:19:30]} 31. Be8 {[%clk 1:12:08]} Be7
{[%clk 1:19:25]} 32. Kh5 {[%clk 1:12:07]} Bf8 {[%clk 1:19:15]} 33. g4
{[%clk 1:11:51]} Bg7 {[%clk 1:17:54]} 34. Ng3 {[%clk 1:12:10]} Ke7
{[%clk 1:18:09]} 35. Bg6 1-0

[Event "2016 Redpath Mining Millionaire Chess Open"]
[Site "Venue: Old Ed’s Sports Complex, Houghton, Johannesburg"]
[Date "2016.07.14"]
[Round "3"]
[Board "18"]
[White "Smith, Elani"]
[Black "Jacobs, Cavan"]
[Result "1-0"]
[WhiteElo "1168"]
[BlackElo "1697"]
[PlyCount "0"]
[EventDate "2016.07.13"]
[EventRounds "9"]
[EventCountry "RSA"]

1. e4 {[%clk 1:30:55]} c5 {[%clk 1:30:53]} 2. Nc3 {[%clk 1:31:13]} Nc6
{[%clk 1:31:18]} 3. f4 {[%clk 1:31:29]} g6 {[%clk 1:31:38]} 4. Bb5
{[%clk 1:31:30]} Nd4 {[%clk 1:31:46]} 5. d3 {[%clk 1:31:16]} Nxb5
{[%clk 1:31:39]} 6. Nxb5 {[%clk 1:31:39]} Bg7 {[%clk 1:31:37]} 7. Nf3
{[%clk 1:31:46]} Qa5+ {[%clk 1:30:31]} 8. Nc3 {[%clk 1:30:31]} Bxc3+
{[%clk 1:27:58]} 9. bxc3 {[%clk 1:30:39]} Qxc3+ {[%clk 1:28:20]} 10. Bd2
{[%clk 1:30:50]} Qg7 {[%clk 1:28:20]} 11. O-O {[%clk 1:30:35]} d6
{[%clk 1:28:02]} 12. Qe1 {[%clk 1:30:16]} f6 {[%clk 1:24:39]} 13. Nh4
{[%clk 1:22:13]} Nh6 {[%clk 1:20:15]} 14. f5 {[%clk 1:07:30]} Nf7
{[%clk 1:18:12]} 15. Qg3 {[%clk 1:03:14]} g5 {[%clk 1:17:03]} 16. c3
{[%clk 0:48:04]} Bd7 {[%clk 1:15:14]} 17. Rab1 {[%clk 0:47:31]} Bc6
{[%clk 1:13:57]} 18. Rfe1 {[%clk 0:45:41]} Qg8 {[%clk 1:09:28]} 19. Nf3
{[%clk 0:45:15]} Ne5 {[%clk 1:09:03]} 20. Nxe5 {[%clk 0:44:41]} dxe5
{[%clk 1:09:23]} 21. a3 {[%clk 0:37:00]} b6 {[%clk 1:04:28]} 22. Be3
{[%clk 0:34:26]} Rd8 {[%clk 1:01:25]} 23. Bf2 {[%clk 0:32:21]} Ba4
{[%clk 1:00:38]} 24. Rb2 {[%clk 0:30:29]} Qf7 {[%clk 0:58:25]} 25. Ree2
{[%clk 0:28:15]} Rd6 {[%clk 0:55:48]} 26. Red2 {[%clk 0:25:20]} Bc6
{[%clk 0:51:48]} 27. Qf3 {[%clk 0:24:58]} O-O {[%clk 0:51:26]} 28. d4
{[%clk 0:23:15]} exd4 {[%clk 0:49:36]} 29. cxd4 {[%clk 0:22:41]} c4
{[%clk 0:45:51]} 30. Rdc2 {[%clk 0:19:26]} Ba4 {[%clk 0:45:00]} 31. Rc1
{[%clk 0:17:21]} Rc8 {[%clk 0:43:30]} 32. Re2 {[%clk 0:11:13]} Rdc6
{[%clk 0:39:34]} 33. Re3 {[%clk 0:11:01]} b5 {[%clk 0:37:48]} 34. e5
{[%clk 0:08:37]} R6c7 {[%clk 0:30:38]} 35. d5 {[%clk 0:06:04]} fxe5
{[%clk 0:28:50]} 36. Rxe5 {[%clk 0:06:16]} c3 {[%clk 0:28:57]} 37. Bd4
{[%clk 0:03:41]} c2 {[%clk 0:27:47]} 38. Re6 {[%clk 0:03:07]} h5 {[%clk 0:22:30]}
39. Rh6 {[%clk 0:02:25]} Qf8 {[%clk 0:16:05]} 40. Rh8+ {[%clk 0:02:40]} Kf7
{[%clk 0:16:31]} 41. Qxh5# 1-0

[Event "2016 Redpath Mining Millionaire Chess Open"]
[Site "Venue: Old Ed’s Sports Complex, Houghton, Johannesburg"]
[Date "2016.07.14"]
[Round "3"]
[Board "19"]
[White "Oberholzer, Marni"]
[Black "Arjunan, Zander"]
[Result "1-0"]
[WhiteElo "1643"]
[BlackElo "715"]
[PlyCount "0"]
[EventDate "2016.07.13"]
[EventRounds "9"]
[EventCountry "RSA"]

1. d4 {[%clk 1:30:23]} d5 {[%clk 1:30:32]} 2. c4 {[%clk 1:30:38]} dxc4
{[%clk 1:27:57]} 3. Qa4+ {[%clk 1:28:09]} Nc6 {[%clk 1:27:49]} 4. e3
{[%clk 1:27:35]} Nf6 {[%clk 1:27:48]} 5. Bxc4 {[%clk 1:27:30]} e6
{[%clk 1:28:07]} 6. Nf3 {[%clk 1:27:13]} a6 {[%clk 1:28:08]} 7. Qd1
{[%clk 1:24:43]} b5 {[%clk 1:28:30]} 8. Be2 {[%clk 1:24:11]} Bd6 {[%clk 1:28:20]}
9. Nc3 {[%clk 1:23:05]} O-O {[%clk 1:28:03]} 10. O-O {[%clk 1:22:27]} e5
{[%clk 1:28:15]} 11. dxe5 {[%clk 1:21:16]} Nxe5 {[%clk 1:28:34]} 12. Nxe5
{[%clk 1:19:33]} Bxe5 {[%clk 1:28:48]} 13. Qxd8 {[%clk 1:19:05]} Rxd8
{[%clk 1:29:06]} 14. Bf3 {[%clk 1:18:04]} Ra7 {[%clk 1:28:31]} 15. Ne4
{[%clk 1:15:04]} Nxe4 {[%clk 1:28:18]} 16. Bxe4 {[%clk 1:15:27]} Bb7
{[%clk 1:27:45]} 17. Bc2 {[%clk 1:14:46]} a5 {[%clk 1:26:24]} 18. Rb1
{[%clk 1:14:03]} Ra6 {[%clk 1:26:15]} 19. b3 {[%clk 1:12:44]} Rdd6
{[%clk 1:26:14]} 20. Bb2 {[%clk 1:09:28]} Bxb2 {[%clk 1:26:09]} 21. Rxb2
{[%clk 1:09:50]} Rd5 {[%clk 1:26:17]} 22. Be4 {[%clk 1:09:33]} Rg5
{[%clk 1:24:59]} 23. Bxb7 {[%clk 1:09:50]} Rag6 {[%clk 1:25:09]} 24. Rd1
{[%clk 1:09:35]} h5 {[%clk 1:25:19]} 25. Rd8+ {[%clk 1:09:16]} Kh7
{[%clk 1:25:38]} 26. Be4 {[%clk 1:09:34]} f5 {[%clk 1:25:55]} 27. Bf3
{[%clk 1:09:07]} h4 {[%clk 1:25:29]} 28. Rc2 {[%clk 1:07:49]} h3 {[%clk 1:25:44]}
29. g3 {[%clk 1:07:59]} Re6 {[%clk 1:20:16]} 30. Rc6 {[%clk 1:04:13]} Re5
{[%clk 1:19:58]} 31. Rf8 {[%clk 1:03:25]} a4 {[%clk 1:19:15]} 32. Rxc7
{[%clk 1:02:33]} a3 {[%clk 1:18:52]} 33. Kf1 {[%clk 1:01:05]} b4 {[%clk 1:18:32]}
34. Rb8 {[%clk 1:01:06]} f4 {[%clk 1:17:13]} 35. exf4 {[%clk 1:00:57]} Re2
{[%clk 1:15:36]} 36. Kxe2 {[%clk 1:00:59]} Rg6 {[%clk 1:15:28]} 37. Be4
{[%clk 1:00:40]} Kh6 {[%clk 1:15:34]} 38. Rh8# 1-0

[Event "2016 Redpath Mining Millionaire Chess Open"]
[Site "Venue: Old Ed’s Sports Complex, Houghton, Johannesburg"]
[Date "2016.07.14"]
[Round "3"]
[Board "20"]
[White "Beukman, Eduan"]
[Black "Grobbelaar, Jacqui"]
[Result "0-1"]
[WhiteElo "1485"]
[BlackElo "1550"]
[PlyCount "0"]
[EventDate "2016.07.13"]
[EventRounds "9"]
[EventCountry "RSA"]

1. d4 {[%clk 1:30:57]} d5 {[%clk 1:30:52]} 2. Nc3 {[%clk 1:31:23]} Nf6
{[%clk 1:30:52]} 3. Bg5 {[%clk 1:31:42]} Nbd7 {[%clk 1:30:47]} 4. f3
{[%clk 1:30:15]} h6 {[%clk 1:30:31]} 5. Bf4 {[%clk 1:30:22]} c6 {[%clk 1:30:22]}
6. Qd3 {[%clk 1:29:42]} Qb6 {[%clk 1:29:42]} 7. O-O-O {[%clk 1:29:24]} e6
{[%clk 1:29:30]} 8. e4 {[%clk 1:28:57]} dxe4 {[%clk 1:28:02]} 9. fxe4
{[%clk 1:28:57]} Bb4 {[%clk 1:27:45]} 10. Nge2 {[%clk 1:27:43]} O-O
{[%clk 1:26:01]} 11. h3 {[%clk 1:15:34]} c5 {[%clk 1:22:53]} 12. e5
{[%clk 1:15:34]} cxd4 {[%clk 1:22:53]} 13. Na4 {[%clk 0:40:03]} Qa5
{[%clk 1:03:27]} 14. exf6 {[%clk 0:37:30]} Qxa4 {[%clk 1:03:24]} 15. Qxd4
{[%clk 0:36:04]} e5 {[%clk 0:55:29]} 16. Bxe5 {[%clk 0:36:04]} Nxe5
{[%clk 0:55:29]} 17. Qxe5 {[%clk 0:36:04]} Qxa2 {[%clk 0:48:50]} 18. Nc3
{[%clk 0:12:54]} Bxc3 {[%clk 0:48:51]} 19. Qxc3 {[%clk 0:12:48]} Bf5
{[%clk 0:47:51]} 20. Bc4 {[%clk 0:05:49]} Qa1+ {[%clk 0:47:00]} 21. Kd2
{[%clk 0:06:12]} Rfd8+ {[%clk 0:46:21]} 22. Ke2 {[%clk 0:04:41]} Rxd1
{[%clk 0:45:42]} 23. Rxd1 {[%clk 0:05:07]} Re8+ {[%clk 0:46:02]} 24. Kd2
{[%clk 0:05:14]} Rd8+ {[%clk 0:46:22]} 25. Bd3 {[%clk 0:05:11]} Qa6
{[%clk 0:46:37]} 26. fxg7 {[%clk 0:04:23]} Qg6 {[%clk 0:45:25]} 27. Kc1
{[%clk 0:03:29]} Bxd3 {[%clk 0:44:53]} 28. Rxd3 {[%clk 0:03:29]} Rxd3
{[%clk 0:45:04]} 29. cxd3 {[%clk 0:02:38]} Qxg2 {[%clk 0:45:29]} 30. Qc8+
{[%clk 0:02:49]} Kxg7 {[%clk 0:45:46]} 31. Qc3+ {[%clk 0:02:28]} Kg6
{[%clk 0:45:27]} 32. Qc8 {[%clk 0:01:17]} Qc6+ {[%clk 0:45:37]} 33. Qxc6+
{[%clk 0:01:45]} bxc6 {[%clk 0:46:02]} 34. Kc2 {[%clk 0:02:02]} f5
{[%clk 0:46:08]} 35. b4 {[%clk 0:02:22]} 0-1

[Event "2016 Redpath Mining Millionaire Chess Open"]
[Site "Venue: Old Ed’s Sports Complex, Houghton, Johannesburg"]
[Date "2016.07.14"]
[Round "3"]
[Board "21"]
[White "Ndlovu, Talia"]
[Black "Nyathi, Musa"]
[Result "1-0"]
[WhiteElo "1203"]
[BlackElo "1366"]
[PlyCount "0"]
[EventDate "2016.07.13"]
[EventRounds "9"]
[EventCountry "RSA"]

1. d4 {[%clk 1:30:21]} Nf6 {[%clk 1:30:54]} 2. Nf3 {[%clk 1:30:27]} d5
{[%clk 1:31:15]} 3. g3 {[%clk 1:30:49]} Bf5 {[%clk 1:31:17]} 4. Bg2
{[%clk 1:30:26]} e6 {[%clk 1:31:24]} 5. c4 {[%clk 1:30:33]} Bxb1 {[%clk 1:31:44]}
6. Rxb1 {[%clk 1:30:34]} Bb4+ {[%clk 1:31:51]} 7. Nd2 {[%clk 1:28:15]} c6
{[%clk 1:32:16]} 8. cxd5 {[%clk 1:23:53]} cxd5 {[%clk 1:32:24]} 9. O-O
{[%clk 1:23:44]} Nc6 {[%clk 1:32:47]} 10. Nf3 {[%clk 1:22:42]} O-O
{[%clk 1:32:48]} 11. Bg5 {[%clk 1:23:03]} Be7 {[%clk 1:33:09]} 12. a3
{[%clk 1:19:41]} Ne4 {[%clk 1:32:22]} 13. Bf4 {[%clk 1:17:39]} Bd6
{[%clk 1:30:04]} 14. Ne5 {[%clk 1:14:50]} f5 {[%clk 1:26:49]} 15. Nxc6
{[%clk 1:06:56]} bxc6 {[%clk 1:26:25]} 16. Bxd6 {[%clk 1:07:12]} Qxd6
{[%clk 1:26:50]} 17. Bxe4 {[%clk 1:07:12]} fxe4 {[%clk 1:27:11]} 18. Qa4
{[%clk 1:06:54]} Rf7 {[%clk 1:26:30]} 19. Rbc1 {[%clk 1:06:45]} Rc8
{[%clk 1:26:29]} 20. Rc3 {[%clk 1:06:44]} Rfc7 {[%clk 1:26:16]} 21. Rfc1
{[%clk 1:03:39]} e5 {[%clk 1:21:17]} 22. dxe5 {[%clk 0:59:48]} Qxe5
{[%clk 1:21:44]} 23. Rxc6 {[%clk 0:59:27]} Qe8 {[%clk 1:22:07]} 24. Rxc7
{[%clk 0:59:08]} Qxa4 {[%clk 1:22:32]} 25. Rxc8+ {[%clk 0:59:36]} Kf7
{[%clk 1:22:54]} 26. R8c7+ {[%clk 0:58:55]} Kg6 {[%clk 1:23:09]} 27. R1c6+
{[%clk 0:58:46]} Kf5 {[%clk 1:22:50]} 28. g4+ {[%clk 0:57:51]} Kxg4
{[%clk 1:22:31]} 29. Rxg7+ {[%clk 0:57:51]} Kf5 {[%clk 1:22:55]} 30. Rf7+
{[%clk 0:54:30]} Ke5 {[%clk 1:22:42]} 31. Rc1 {[%clk 0:48:19]} Qb5
{[%clk 1:21:32]} 32. Rc2 {[%clk 0:39:14]} Qe8 {[%clk 1:18:12]} 33. Rxa7
{[%clk 0:36:34]} Qg6+ {[%clk 1:18:38]} 34. Kf1 {[%clk 0:31:48]} e3
{[%clk 1:19:00]} 35. Rac7 {[%clk 0:29:45]} Qf5 {[%clk 1:18:25]} 36. f3
{[%clk 0:27:20]} Qh3+ {[%clk 1:18:53]} 37. Kg1 {[%clk 0:27:17]} Qh4
{[%clk 1:19:19]} 38. Kg2 {[%clk 0:25:19]} h5 {[%clk 1:19:47]} 39. R2c3
{[%clk 0:19:15]} Qf2+ {[%clk 1:19:57]} 40. Kh3 {[%clk 0:19:12]} Qxe2
{[%clk 1:20:21]} 41. Re7+ {[%clk 0:18:54]} Kd4 {[%clk 1:20:44]} 42. Rcxe3
{[%clk 0:18:28]} Qxe3 {[%clk 1:21:13]} 43. Rxe3 {[%clk 0:18:47]} Kxe3
{[%clk 1:21:38]} 44. b4 {[%clk 0:19:15]} d4 {[%clk 1:22:07]} 45. b5
{[%clk 0:19:44]} d3 {[%clk 1:22:36]} 46. b6 {[%clk 0:20:13]} d2 {[%clk 1:23:05]}
47. b7 {[%clk 0:20:42]} d1=Q {[%clk 1:23:34]} 48. b8=Q Qxf3+ {[%clk 1:24:01]} 49.
Qg3 {[%clk 0:21:31]} Qxg3+ {[%clk 1:24:14]} 50. hxg3 {[%clk 0:21:44]} Kd3
{[%clk 1:24:44]} 51. Kh4 {[%clk 0:22:13]} Kc3 {[%clk 1:25:13]} 52. Kxh5
{[%clk 0:22:40]} Kb3 {[%clk 1:25:43]} 53. g4 Kxa3 54. g5 {[%clk 0:23:07]} Kb4
{[%clk 1:26:12]} 55. g6 {[%clk 0:23:36]} Kc5 {[%clk 1:26:41]} 56. Kh6
{[%clk 0:24:05]} Kd6 {[%clk 1:27:11]} 57. Kh7 Ke7 58. g7 {[%clk 0:24:32]} 1-0

[Event "2016 Redpath Mining Millionaire Chess Open"]
[Site "Venue: Old Ed’s Sports Complex, Houghton, Johannesburg"]
[Date "2016.07.14"]
[Round "3"]
[Board "22"]
[White "Mostert, Gert"]
[Black "Vedant, Kumar Saravana"]
[Result "1-0"]
[WhiteElo "1457"]
[BlackElo "1074"]
[PlyCount "0"]
[EventDate "2016.07.13"]
[EventRounds "9"]
[EventCountry "RSA"]

1. e4 {[%clk 1:30:56]} e5 {[%clk 1:30:54]} 2. Nf3 {[%clk 1:31:09]} Nc6
{[%clk 1:31:18]} 3. d4 {[%clk 1:30:57]} exd4 {[%clk 1:31:31]} 4. Nxd4
{[%clk 1:30:39]} Bc5 {[%clk 1:31:51]} 5. Nxc6 {[%clk 1:30:40]} Qf6
{[%clk 1:32:10]} 6. Qd2 {[%clk 1:30:46]} Qxc6 {[%clk 1:31:03]} 7. Nc3
{[%clk 1:30:57]} Bb4 {[%clk 1:27:50]} 8. Bd3 {[%clk 1:30:20]} Nf6
{[%clk 1:27:06]} 9. O-O {[%clk 1:29:22]} O-O {[%clk 1:27:19]} 10. Re1
{[%clk 1:28:18]} d6 {[%clk 1:27:12]} 11. a3 {[%clk 1:27:50]} Ba5 {[%clk 1:27:09]}
12. b4 {[%clk 1:28:02]} Bb6 {[%clk 1:26:44]} 13. Bb5 {[%clk 1:27:33]} Bxf2+
{[%clk 1:14:40]} 14. Kxf2 {[%clk 1:27:35]} Qb6+ {[%clk 1:14:33]} 15. Kf1
{[%clk 1:27:43]} Ng4 {[%clk 1:07:18]} 16. g3 {[%clk 1:24:47]} Ne5
{[%clk 1:03:25]} 17. Qe3 {[%clk 1:22:52]} Qxe3 {[%clk 1:00:56]} 18. Bxe3
{[%clk 1:22:13]} Bh3+ {[%clk 1:00:27]} 19. Ke2 {[%clk 1:21:22]} Bg4+
{[%clk 1:00:37]} 20. Kf2 {[%clk 1:21:36]} a6 {[%clk 0:55:34]} 21. Be2
{[%clk 1:20:41]} f5 {[%clk 0:52:20]} 22. Bxg4 {[%clk 1:20:28]} fxg4+
{[%clk 0:50:09]} 23. Kg2 {[%clk 1:19:54]} Nc4 {[%clk 0:47:16]} 24. Nd5
{[%clk 1:17:35]} Rae8 {[%clk 0:36:25]} 25. Bf4 {[%clk 1:15:35]} c6
{[%clk 0:34:55]} 26. Nc3 {[%clk 1:14:37]} Ne5 {[%clk 0:33:55]} 27. Bxe5
{[%clk 1:14:06]} Rxe5 {[%clk 0:34:02]} 28. Rf1 {[%clk 1:14:11]} Ree8
{[%clk 0:32:48]} 29. Rxf8+ {[%clk 1:14:26]} Rxf8 {[%clk 0:33:02]} 30. Rf1
{[%clk 1:14:51]} Rxf1 {[%clk 0:29:38]} 31. Kxf1 {[%clk 1:14:59]} Kf7
{[%clk 0:30:02]} 32. Ke2 {[%clk 1:15:25]} Ke6 {[%clk 0:24:34]} 33. Ke3
{[%clk 1:14:44]} Ke5 {[%clk 0:24:29]} 34. a4 {[%clk 1:14:52]} b6 {[%clk 0:21:57]}
35. b5 {[%clk 1:14:38]} axb5 {[%clk 0:19:48]} 36. axb5 {[%clk 1:14:57]} c5
{[%clk 0:20:07]} 37. Nd5 {[%clk 1:15:19]} g6 {[%clk 0:19:25]} 38. Nxb6
{[%clk 1:15:42]} Ke6 {[%clk 0:17:35]} 39. Nd5 {[%clk 1:15:07]} h5
{[%clk 0:15:56]} 40. b6 {[%clk 1:15:26]} Kd7 {[%clk 0:15:58]} 41. b7
{[%clk 1:15:52]} Ke6 {[%clk 0:14:38]} 42. b8=Q {[%clk 1:16:07]} Kf7
{[%clk 0:14:44]} 43. Qxd6 {[%clk 1:16:28]} c4 {[%clk 0:13:42]} 44. Qe7+
{[%clk 1:16:41]} Kg8 {[%clk 0:13:55]} 45. Nf6+ {[%clk 1:17:06]} Kh8
{[%clk 0:12:50]} 46. Qf8# {[%clk 1:17:32]} 1-0